000
00312nam a22001337a 4500
008
181217b xxu||||| |||| 00| 0 eng d
020
_a
0155837370
041
_a
eng
080
_2
4th
_a
311
100
_a
55
101
_a
STA
245
_a
Statistics for Modern Business Decisions
_c
Lapin,L.L
942
_2
udc
_c
BK
999
_c
53136
_d
53136